Japanese finance : Markets and institutions

Uloženo v:
Podrobná bibliografie
Hlavní autor: Bronte, Stephen
Médium: Kniha
Jazyk:Undetermined
Vydáno: London Euromony Publications 1982
Témata:
Tagy: Přidat tag
Žádné tagy, Buďte první, kdo otaguje tento záznam!
Thư viện lưu trữ: Trung tâm Học liệu Trường Đại học Cần Thơ
LEADER 00482nam a2200181Ia 4500
001 CTU_78980
008 210402s9999 xx 000 0 und d
082 |a 332 
082 |b B869 
100 |a Bronte, Stephen 
245 0 |a Japanese finance : 
245 0 |b Markets and institutions 
245 0 |c Stephen Bronte 
260 |a London 
260 |b Euromony Publications 
260 |c 1982 
650 |a Financial economics 
980 |a Trung tâm Học liệu Trường Đại học Cần Thơ